Normal view
MARC view
- Sporting goods
Entry Topical Term
001 - CONTROL NUMBER
- control field: 7258
003 - CONTROL NUMBER IDENTIFIER
- control field: OSt
005 - DATE AND TIME OF LATEST TRANSACTION
- control field: 20170523145654.0
008 - FIXED-LENGTH DATA ELEMENTS
- fixed length control field: 170523|| aca||aabn | a|a d
040 ## - CATALOGING SOURCE
- Original cataloging agency: OSt
- Transcribing agency: OSt
150 ## - HEADING--TOPICAL TERM
- Topical term or geographic name entry element: Sporting goods
- General subdivision: Design.
670 ## - SOURCE DATA FOUND
- Source citation: Work cat.: (OSt): Byars, Mel. 7257, 50 sports wares :, 1999

PORTAL AKMAL
E-MEL JKDM
AKMAL2U
G-BAM
u-PUSTAKA